00659nam a22001937a 450000500170000001000150001702000260003203500140005803700130007208200110008510000190009624500760011526000290019127000550022030000230027594200250029899900190032395201230034220170721112134.0 aENG-119369 a9789350020081c295.00 aEN-102901 bDBAD/PUB a338.91 aMagdoff, Harry aImperialism ;bform the colonial age to the present /cby Harry Magdoff aDelhibAakar Booksc2010 a28 E Pocket IV, Mayur Vihar Phase IbDelhie110091 a279p.c22cm. (pbk) 2ddccENh338.91mMAG c142752d142752 001040718NFICaDBADbBNd2017-07-21eDBAD/PUBg295.00l0o338.91 MAGpEN-102901r2017-07-21 00:00:00t1v295.00yEN